000 00687nam a2200217 4500
001 143341
003 ES-MaACL
005 20260429123846.0
007 t|
008 070214s1968 sp r ||||1| spa d
080 _a821.134.2-31"19"
100 1 _aSender, Ramón J.,
_d1901-1982
_9105441
245 1 3 _aLa tesis de Nancy /
_cRamón J. Sender.
260 _aMadrid :
_bMagisterio Español,
_c1968.
300 _a322 p. ;
_c18 cm.
490 1 _aNovelas y cuentos ;
_v25. Literatura española. Novela siglo XX
830 1 0 _aNovelas y cuentos
_v25. Literatura española. Novela siglo XX
_9179596
852 _aES-MaACL
_jG-7380
_cSPP3
942 _2udc
999 _c143341
_d143341